=LDR 00000nam 2200000 4500 =001 INLIS000000000810166 =005 20251106101800 =035 ##$$a 0010-1125000020 =245 ##$$a Ilmu Shorf : $b Terjemahan Matan Kailani dan Nazham Almaqsud /$c Moch. Anwar =260 ##$:$b Sinar baru algesindo =082 ##$$a 492.7 =084 ##$$a 492.7 ANW i =020 ##$$a 9789798482953